000 01209nam0a22002411 4500
001 rc\1149850
005 20260408082627.0
035 _a(NLR Aleph) 006395398
090 _a5189989
_c5189989
100 _a20041129d1980 |||y0rusy50 ca
101 0 _arus
102 _aRU
105 _ay |||||||||
200 1 _aМетодические указания по планированию капитальных вложений в колхозах, совхозах, межхозяйственных предприятиях (организациях) и производственных объединениях по сельскому хозяйству
_eПроект для обсуждения
_fМ-во сел. хоз-ва СССР, ВНИИ экономики сел. хоз-ва ВАСХНИЛ
_g[Подгот. к. э. н. Л.И. Клюкач]
210 _aМ.
_cБ. и.
_d1980
215 _a36 с.
_d20
702 1 _aКлюкач
_bЛ.И.
_gЛюдмила Ивановна
_4570
712 0 2 _aВНИИ экономики сельского хозяйства
_3RU\NLR\AUTH\8810150744
_9796237
801 0 _aRU
_bNLR
_gpsbo
801 1 _aRU
_bELAR
_2rusmarc
852 _aNLR
_j81-4/3954
942 _cBOOK
980 _aNB